LEADER 00722nam a2200193 i 4500 001 000000016729 003 CaOOAMICUS 005 20180830125443.0 008 180830s1930 it u000 u ita u 040 $aSeMil$bita 100 1 $aCostantini, Vincenzo.$0(OLS)http://semarc/name/7695 245 13$aLa pittura italiana del Seicento /$cVincenzo Costantini. 260 $aMilano :$bCeschina,$cstampa 1930. 300 $a2 v. ;$c20 cm. 650 4$aPittura italiana - Sec. 17.$0(OLS)http://semarc/subject/2737 774 0 $tVolume 1.$g1$w()155085 774 0 $tVolume 2.$g2$w()155086 996 $6245$aLa pittura italiana del Seicento$9(OLS)http://semarc/title/22130 996 $6260$aMilano :$bCeschina$9(OLS)http://semarc/publisher/30279 LEADER 00853nas a2200205 i 4500 001 000000191627 003 CaOOAMICUS 005 20100812000000.0 008 100812b1938 it uu u0 0mul r 013 $a170197 040 $aSeMil$bita 245 10$a[Senza titolo]. 260 $aTaurini ; Romae :$bEx. Off. Libr. Marietti a. 1820 condita,$c1938. 300 $a184 p. ;$c24 cm. 773 0 $tActa Pont. Academiae Romanae S. Thomae Aq. et religionis catholicae.$dTaurini ; Romae : Ex Off. Libr. Marietti a. 1820 condita, 1934.$w()19495 850 $aSeMil 852 $aSeMil$W1$xVenegono$y1$m2O IV 203$j142241$B142241$CSeMilBibl$Z2$F153756 $81 961 $aRecupero: Deposito 996 $6245$a[Senza titolo]$9(OLS)http://semarc/title/276128 996 $6260$aTaurini ; Romae :$bEx. Off. Libr. Marietti a. 1820 condita$9(OLS)http://semarc/publisher/50322